000 00717nam a2200229 i 4500
001 bg
245 0 0 _aHistoria idei politycznych :
_bwybór tekstów.
_nT. 2 /
_coprac. Stanisław Filipowicz [et al.].
250 _aWyd. 2.
260 _aWarszawa :
_bWydawnictwa Uniwersytetu Warszawskiego,
_c1999.
300 _a556, [1] s. ;
_c24 cm.
504 _aBibliogr. s. 553-[557].
650 9 _aNauki polityczne
_y18-20 w.
650 9 _aSpołeczeństwo
_xfilozofia
_y18-20 w.
700 1 _aFilipowicz, Stanisław
_d(1952- ).
_eOprac.
020 _a8323099820 (t. 2)
040 _cBPK
041 0 _apl
080 _a32:316
920 _a83-230-9982-0 (t. 2)
942 _cKS
008 s pl f |000 0 pol
999 _c36015
_d36015
856 _uhttp://koha.tu.koszalin.pl/cgi-bin/koha/opac-detail.pl?biblionumber=36015
_yKatalog online BPK